Statistics for Websites by Logo

Click here to take the quiz!

General Stats

  • This quiz has been taken 46 times
  • The average score is 9 of 13

Answer Stats

Answer% Correct
Facebook
100%
Gmail
95%
Amazon
93%
Youtube
93%
Wikipedia
90%
Spotify
78%
Reddit
75%
Linkedin
70%
Quora
55%
Telegram
45%
GitHub
40%
Alibaba
33%
Yandex
30%

Score Distribution

Percentile by Number Answered

Percent of People with Each Score

Your Score History

You have not taken this quiz